'Rhodesians never die' : (Record no. 771)
[ view plain ]
| 000 -LEADER | |
|---|---|
| fixed length control field | 01242pam a2200313 a 4500 |
| 001 - CONTROL NUMBER | |
| control field | 3450048 |
| 003 - CONTROL NUMBER IDENTIFIER | |
| control field | GZU |
| 005 - DATE AND TIME OF LATEST TRANSACTION | |
| control field | 20200914102723.0 |
| 008 - FIXED-LENGTH DATA ELEMENTS--GENERAL INFORMATION | |
| fixed length control field | 920707s1993 enkb b 001 0 eng |
| 010 ## - LIBRARY OF CONGRESS CONTROL NUMBER | |
| LC control number | 92023256 |
| 020 ## - INTERNATIONAL STANDARD BOOK NUMBER | |
| International Standard Book Number | 0908311826 |
| 040 ## - CATALOGING SOURCE | |
| Original cataloging agency | DLC |
| Transcribing agency | DLC |
| Modifying agency | DLC |
| 043 ## - GEOGRAPHIC AREA CODE | |
| Geographic area code | f-rh--- |
| 050 00 - LIBRARY OF CONGRESS CALL NUMBER | |
| Classification number | DT2988 |
| Item number | .G64 1993 |
| 082 00 - DEWEY DECIMAL CLASSIFICATION NUMBER | |
| Classification number | 968.91/04 |
| Edition number | 20 |
| 100 1# - MAIN ENTRY--PERSONAL NAME | |
| Personal name | Godwin, Peter, |
| Dates associated with a name | 1957- |
| 245 10 - TITLE STATEMENT | |
| Title | 'Rhodesians never die' : |
| Remainder of title | the impact of war and political change on White Rhodesia, c. 1970-1980 / |
| Statement of responsibility, etc. | Peter Godwin and Ian Hancock. |
| 260 ## - PUBLICATION, DISTRIBUTION, ETC. | |
| Place of publication, distribution, etc. | Oxford ; |
| -- | New York : |
| Name of publisher, distributor, etc. | Oxford University Press, |
| Date of publication, distribution, etc. | 1993. |
| 300 ## - PHYSICAL DESCRIPTION | |
| Extent | xiv, 400 p. : |
| Other physical details | maps ; |
| Dimensions | 24 cm. |
| 504 ## - BIBLIOGRAPHY, ETC. NOTE | |
| Bibliography, etc. note | Includes bibliographical references (p. [383]-390) and index. |
| 650 #0 - SUBJECT ADDED ENTRY--TOPICAL TERM | |
| Topical term or geographic name entry element | Whites |
| Geographic subdivision | Zimbabwe |
| General subdivision | Politics and government. |
| 651 #0 - SUBJECT ADDED ENTRY--GEOGRAPHIC NAME | |
| Geographic name | Zimbabwe |
| General subdivision | History |
| Chronological subdivision | Chimurenga War, 1966-1980. |
| 651 #0 - SUBJECT ADDED ENTRY--GEOGRAPHIC NAME | |
| Geographic name | Zimbabwe |
| General subdivision | Ethnic relations. |
| 700 1# - ADDED ENTRY--PERSONAL NAME | |
| Personal name | Hancock, Ian, |
| Dates associated with a name | 1940- |
| 856 42 - ELECTRONIC LOCATION AND ACCESS | |
| Materials specified | Publisher description |
| Uniform Resource Identifier | <a href="http://www.loc.gov/catdir/enhancements/fy0639/92023256-d.html">http://www.loc.gov/catdir/enhancements/fy0639/92023256-d.html</a> |
| 906 ## - LOCAL DATA ELEMENT F, LDF (RLIN) | |
| a | 7 |
| b | cbc |
| c | orignew |
| d | 1 |
| e | ocip |
| f | 19 |
| g | y-gencatlg |
| 942 ## - ADDED ENTRY ELEMENTS (KOHA) | |
| Source of classification or shelving scheme | Library of Congress Classification |
| Koha item type | Books |
| Classification part | 2988 |
| Item part | GOD |
| Call number prefix | DT |
| Withdrawn status | Lost status | Damaged status | Not for loan | Collection code | Home library | Current library | Shelving location | Date acquired | Total Checkouts | Full call number | Barcode | Date last seen | Copy number | Price effective from | Koha item type | Date last checked out |
|---|---|---|---|---|---|---|---|---|---|---|---|---|---|---|---|---|
| Non-fiction | City Campus Library | City Campus Library | General Stacks | 09/14/2020 | DT 2988 GOD 1995 | B017166 | 09/14/2020 | c.1 | 09/14/2020 | Books | ||||||
| Non-fiction | City Campus Library | City Campus Library | General Stacks | 09/14/2020 | 1 | DT 2988 GOD | B017165 | 08/01/2022 | c.2 | 09/14/2020 | Books | 07/16/2022 |